| 000 | 00587nam a2200217Ia 4500 | ||
|---|---|---|---|
| 001 | 5277 | ||
| 003 | GE_BSU | ||
| 008 | 181216s||||||||xx |||||||||||||| ||und|| | ||
| 040 | _cGE_BSU | ||
| 080 | _a511.1 | ||
| 100 | _aГребенча,М. К С. Е. Ляпин. | ||
| 245 | _aАрифметика | ||
| 245 | _bпособие для студентов учительских институтов | ||
| 250 | _a2-е изд., | ||
| 260 | _aМосква | ||
| 260 | _bУчпедгиз | ||
| 260 | _c1952 | ||
| 300 | _a277с.22см. | ||
| 653 | _aАрифметика | ||
| 942 | _cBK | ||
| 999 |
_c38864 _d38864 |
||